000
00323nam a2200121Ia 4500
008
220204s9999 xx 000 0 und d
082
_a
301.151
_b
COO
245
0
_a
Advances in experimental social processes. V 1
260
_a
Chichester
_b
John Wiley
_c
1978
700
_a
Alderfer, C P
700
_a
Cooper, C L
942
_c
BK
999
_c
29699
_d
29699